The Temple of Deir El Bahari.

Bewaard in:
Bibliografische gegevens
Hoofdauteur: Naville, Edouard (Auteur)
Formaat: Boek
Taal:Engels
Gepubliceerd in: London, England, United Kingdom Kegan, Paul, Trench, Trübner & Co. 1895
Onderwerpen:
Tags: Voeg label toe
Geen labels, Wees de eerste die dit record labelt!

MARC

LEADER 00000nam a2200000 a 4500
001 UCJ8361
003 CL-VaPUC
005 20240611105641.0
008 070124e18950000UK |||||||||||||||||eng|d
999 |c 324115  |d 324113 
040 |c Pontificia Universidad Católica de Valparaíso 
082 0 4 |a 932 NAV 1895  |2 21 
100 |a Naville, Edouard  |e author  |9 517149 
245 1 4 |a The Temple of Deir El Bahari. 
260 0 3 |a London, England, United Kingdom  |b Kegan, Paul, Trench, Trübner & Co.  |c 1895 
300 |a 6 volúmenes. 
500 |a Formato .46x.36 m 
583 |a last modification  |c 20070124 00:00:00  |k Rodrigo Vera 
650 0 |a Arqueología   |9 265619 
650 7 |a HISTORIA DE EGIPTO  |2 CL-VaPUC  |9 445426 
651 0 |a Egipto   |9 268199 
942 |c BK  |2 ddc 
945 |d 20070124 00:00:00  |a rinostro 
952 |0 0  |1 0  |4 0  |6 932_000000000000000_NAV_1895  |7 0  |8 X  |9 404031  |a FDOBUD  |b FDOBUD  |d 2019-11-22  |h v.1  |i 107671K  |o 932 NAV 1895  |p 107671K  |r 2019-11-22  |t 1  |w 2019-11-22  |y BK_X  |k BUD 
952 |0 0  |1 0  |4 0  |6 932_000000000000000_NAV_1895  |7 0  |8 X  |9 404032  |a FDOBUD  |b FDOBUD  |d 2019-11-22  |h v.2  |i 1076728  |o 932 NAV 1895  |p 1076728  |r 2019-11-22  |t 1  |w 2019-11-22  |y BK_X  |k BUD 
952 |0 0  |1 0  |4 0  |6 932_000000000000000_NAV_1895  |7 0  |8 X  |9 404033  |a FDOBUD  |b FDOBUD  |d 2019-11-22  |h v.3  |i 1076736  |o 932 NAV 1895  |p 1076736  |r 2019-11-22  |t 1  |w 2019-11-22  |y BK_X  |k BUD 
952 |0 0  |1 0  |4 0  |6 932_000000000000000_NAV_1895  |7 0  |8 X  |9 404034  |a FDOBUD  |b FDOBUD  |d 2019-11-22  |h v.4  |i 1076744  |o 932 NAV 1895  |p 1076744  |r 2019-11-22  |t 1  |w 2019-11-22  |y BK_X  |k BUD 
952 |0 0  |1 0  |4 0  |6 932_000000000000000_NAV_1895  |7 0  |8 X  |9 404035  |a FDOBUD  |b FDOBUD  |d 2019-11-22  |h v.5  |i 1076752  |o 932 NAV 1895  |p 1076752  |r 2019-11-22  |t 1  |w 2019-11-22  |y BK_X  |k BUD 
952 |0 0  |1 0  |4 0  |6 932_000000000000000_NAV_1895  |7 0  |8 X  |9 404036  |a FDOBUD  |b FDOBUD  |d 2019-11-22  |h v.6  |i 1076760  |o 932 NAV 1895  |p 1076760  |r 2019-11-22  |t 1  |w 2019-11-22  |y BK_X  |k BUD